000 00514nam a2200169 a 4500
001 000030147
005 20200930060101.0
008 110503s2000 dr abc 000 0 spa d
020 _a9993482161
040 _aDO-SdBNP
_bspa
_cBNPHU
082 _axxxx
_bR426c
110 1 _aRepública Dominicana.
_bCentro para el Desarrollo Agropecuario y Forestal
_956856
245 1 0 _aCEDAF 1999 :
_bmemoria anual.
260 _aSanto Domingo :
_bCEDAF,
_c2000.
300 _a61 p. :
_bil., mapa, retrs. ;
_c27 cm.
049 _aBNPD
999 _c29639
_d29639